[Event "20th Prague Open 2022"]
[Site "Prague"]
[Date "2022.01.12"]
[Round "7.11"]
[White "Mach, Ondrej"]
[Black "Sorm, Daniel"]
[Result "0-1"]
[WhiteElo "1893"]
[BlackElo "2348"]
[Annotator "TA"]
[PlyCount "80"]
[EventDate "2022.01.07"]
[EventType "swiss"]
[EventCountry "CZE"]
[SourceTitle "playchess.com"]
[Source "ChessBase"]
[SourceQuality "1"]

{[%evp 17,80,-6,-7,-16,-16,-19,-11,-26,-20,-30,-18,-48,-41,-39,-6,-11,10,12,7,-19,-28,-29,-22,-26,0,0,0,0,0,0,0,0,0,0,7,5,14,0,0,-8,-8,-8,-8,-8,-8,-10,-18,-20,0,-102,-105,-695,-688,-912,-888,-935,-5523,-5369,-5216,-4848,-5069,-2616,-2149,-1860,-1400]} 1. d4 Nf6 2. c4 e6 3. Nf3 d5 4. Nc3 Bb4 5. Bg5 h6 6. Bxf6 Qxf6 7. a3 Bxc3+ 8. bxc3 O-O 9. e3 c5 10. Bd3 {D38: Queen's Gambit Declined: Ragozin Defence (4 Nf3 Bb4).} dxc4 11. Bxc4 b6 12. O-O {The position is equal.} Bb7 {[#]} 13. Ne5 $146 ({Predecessor:} 13. Re1 Rd8 14. Qe2 Nd7 15. e4 Rac8 16. Rac1 cxd4 17. cxd4 Qe7 18. Qb2 Nf6 19. Bd3 Rxc1 20. Qxc1 {0-1 (42) Oetting,H-Ball,J freechess.de 2019}) 13... Qg5 {[%csl Gb7][%cal Rg5g2] [#]} 14. Qg4 Qxg4 15. Nxg4 Nd7 16. f3 Rfc8 17. Bb5 Bc6 18. Bxc6 Rxc6 19. Ne5 Nxe5 20. dxe5 $11 {[%mdl 4096] Endgame KRR-KRR} Rd8 21. Rfd1 {To avoid Rd3} Rcc8 {[%cal Bc6c8,Bc8d8,Bd8d7][%mdl 32]} 22. c4 Kf8 23. Kf2 Ke7 24. Rxd8 Rxd8 {KR-KR} 25. Ke2 {Inhibits Rd2+.} Rd7 26. a4 Kd8 27. f4 h5 28. g4 hxg4 29. Rg1 g6 30. Rxg4 Kc7 31. Rg1 Kb7 {Threatens to win with ...Ka6.} 32. a5 $1 bxa5 {[%cal Bb6a5,Ba5a4,Ba4a3,Ba3a2][%mdl 32]} 33. Rb1+ {[#]} (33. Rd1 $1 $11 Rc7 34. Kf3) 33... Ka6 $1 $17 {aiming for ...a4.} 34. Rb5 $2 {[%mdl 8192] This move loses the game for White.} (34. Ra1 $17) 34... a4 $19 {...Rb7 is the strong threat. Black is clearly winning.} 35. Rxc5 a3 {White must now prevent ...a2.} 36. Rc6+ Ka5 37. Rc5+ Ka4 38. Rc6 a5 39. Rd6 Rb7 {( -> ...a2)} 40. Rd1 a2 {Weighted Error Value: White=0.42/Black=0.03 (flawless)} 0-1

[Event "20th Prague Open 2022"]
[Site "Prague"]
[Date "2022.01.12"]
[Round "7.12"]
[White "Nielsen, Andre"]
[Black "Van Osch, Mees"]
[Result "0-1"]
[WhiteElo "2232"]
[BlackElo "2364"]
[Annotator "TA"]
[PlyCount "188"]
[EventDate "2022.01.07"]
[EventType "swiss"]
[EventCountry "CZE"]
[SourceTitle "playchess.com"]
[Source "ChessBase"]
[SourceQuality "1"]

{[%evp 12,188,33,21,32,-6,-11,-6,-14,-22,-9,-10,-16,-15,-15,-17,0,-55,0,-10,-4,-17,-20,-19,-17,-14,-10,-13,-14,-16,-10,-14,-14,-8,0,-11,-19,-45,-21,-45,-38,-42,-40,-45,-27,-45,0,0,0,0,22,-20,-20,-64,-32,-56,-56,-51,-23,-22,-8,-8,-6,-10,0,-26,-25,-13,-23,-49,-49,-51,-44,-57,-31,-66,-10,-31,-46,-90,-10,-17,-15,-15,-10,-10,-10,-90,-90,-195,-147,-304,-310,-310,-90,-90,-90,-90,-90,-90,-90,-90,-90,-277,-90,-90,-90,-90,-90,-95,-97,-121,-121,-121,-121,-121,-121,-139,-139,-154,-141,-141,-134,-128,-121,-121,-107,-107,-91,-121,-121,-121,-121,-276,-121,-131,-97,-310,-286,-279,-284,-251,-80,-80,-79,-79,-79,-237,-130,-134,-118,-83,-54,-54,-14,-125,-125,-510,-496,-470,-239,-491,-208,-637,-593,-961,-945,-825,-828,-1369,-1341,-894,-827,-29983,-29984,-29984,-29985,-29985,-29986]} 1. e4 e6 2. d4 d5 3. Nc3 Nf6 4. Bg5 dxe4 5. Nxe4 Be7 6. Bxf6 gxf6 7. Qd2 f5 {C13: French: Classical System: 4 Bg5 Be7, Alekhine-Chatard Attack.} 8. Ng3 {[%cal Be4g3,Bg3e2,Be2c3][%mdl 32] [#]} h5 $146 {[%cal Bh7h5,Bh5h4][%mdl 32]} ({Predecessor:} 8... a6 9. O-O-O b5 10. Nh5 Rg8 11. Be2 Bb7 12. Bf3 Bg5 13. Nf4 Qd6 14. g3 Bxf4 15. gxf4 Bxf3 16. Nxf3 {1-0 (71) Adams,M (2701)-Harvey,M (2412) London 2019}) 9. Nf3 h4 {The position is equal.} 10. Ne2 Qd6 11. O-O-O Nd7 12. Nc3 a6 {Inhibits Nb5.} 13. Bd3 {[%cal Od4d5]} b5 14. Rhe1 ({White should try} 14. d5 $1 $11) 14... Bb7 (14... b4 $1 $15 15. Ne2 Bb7) 15. d5 $1 $11 Bxd5 16. Nxd5 Qxd5 17. Bxf5 $1 {[%mdl 64] Pin} Qxd2+ 18. Rxd2 O-O-O ({But not} 18... exf5 19. Rde2 O-O-O 20. Rxe7 $16) 19. Bd3 Bf6 20. c3 c6 21. Kc2 Kc7 22. Bf1 Rh5 23. Red1 Rd5 24. c4 Rxd2+ (24... Rf5 {with more complications.} 25. Bd3 Rf4 26. cxb5 axb5 27. Be2 Rf5) 25. Rxd2 b4 26. Ne1 a5 27. Nd3 Rb8 28. Be2 Bg7 (28... Rg8 $15 {should be considered.}) 29. Bh5 Rf8 30. f4 Bd4 {[#]} 31. Rd1 (31. Nxb4 $142 $1 Be3 32. Na6+ Kc8 33. Rd6) 31... c5 32. Rf1 (32. Re1 $11) 32... a4 33. Nc1 Rg8 34. Bf3 Nb6 35. b3 axb3+ 36. axb3 Nc8 37. Ne2 Bf6 38. g3 Nd6 39. g4 {Prevents Nf5.} Rb8 40. h3 Rb6 $1 41. g5 Bg7 42. g6 f5 43. Nc1 $1 Ra6 (43... Bd4 $15) 44. Re1 Ne8 45. Nd3 (45. Rd1 $1 $15 {feels stronger.}) 45... Ra2+ (45... Bd4 $1 $17) 46. Kb1 $1 Ra1+ 47. Kc2 Rxe1 48. Nxe1 {[%mdl 4096] Endgame KBN-KBN} Kd6 49. Ng2 (49. Kd3 $11 {remains equal.}) 49... Bf6 $17 50. Ne3 (50. Kd3 $17) 50... Bd4 $19 51. Ng2 (51. Nf1 $17) 51... Bf2 $1 52. Kd3 Ke7 $2 (52... Ng7 $19 {Threatens to win with ...Ke7.} 53. Ke2 Bg3) 53. Bc6 Ng7 54. Ke2 Bg3 {...Kf6 is the strong threat.} 55. Kf3 Kf6 56. Ne3 Kxg6 57. Nd1 $2 (57. Nf1 $17 {only move.}) 57... Bh2 $2 (57... e5 $19 {has better winning chances.} 58. fxe5 Ne6) 58. Nb2 Bg1 59. Nd3 Bd4 60. Ba4 Kf7 61. Ne1 Nh5 62. Ng2 Bf6 $1 {Black is more active.} 63. Bc6 Ke7 64. Ba8 Kd6 65. Ne3 Ng7 66. Bb7 Kc7 67. Ba8 Ne8 68. Ke2 Nd6 69. Bf3 Nc8 70. Bd5 Kd6 ({And not} 70... exd5 71. Nxd5+ Kd8 72. Nxf6 $15) 71. Bb7 Ne7 72. Ba8 $2 (72. Ng2 $17) 72... Bb2 (72... Ng6 $19 {and Black stays clearly on top.} 73. Kf3 Bg7) 73. Ng2 $17 Ng6 $1 {Hoping for ...Bc1.} 74. Kf3 $2 (74. Bf3 $17 {is the only way for White.}) 74... Bc1 $19 75. Bb7 e5 {[%cal Rc1f4] White must now prevent ...Bxf4.} 76. fxe5+ Nxe5+ $2 (76... Kxe5 $19 {aiming for ...Kd4.} 77. Bc6 Kd4) 77. Ke2 $17 Bg5 78. Ne1 Ng6 {Strongly threatening ...Nf4+.} 79. Nf3 $2 {[#]} (79. Nd3 $17) 79... Nf4+ (79... Kc7 $1 $19 80. Nxg5 (80. Bd5 Nf4+) 80... Kxb7) 80. Kf1 Bf6 81. Bc8 Nh5 82. Kf2 f4 83. Nd2 {[#]} (83. Ke2 $11) 83... Ke5 $1 {And now ...Kd4 would win.} 84. Kf3 $2 {[%mdl 8192]} (84. Bb7 $17 {nothing else works.}) 84... Ng3 $19 85. Bd7 Be7 (85... Kd4 $142 86. Nb1 Kd3) 86. Kg4 $2 (86. Ba4 {is a better defense.}) 86... Ne2 (86... Kd4 $142 87. Nf3+ Kc3 88. Nxh4 Bxh4 89. Kxh4 Kxb3) 87. Nf3+ $2 (87. Kf3 Nc1 88. Ba4) 87... Ke4 88. Bc6+ Ke3 89. Ne1 Nd4 {[%csl LRb3,LRc6]} 90. Ng2+ Kf2 91. Bd5 f3 92. Nxh4 Bxh4 {Black mates.} 93. Kxh4 Nxb3 94. Kg4 Nd2 {Weighted Error Value: White=0.20 (precise) /Black=0.21 (precise)} 0-1

[Event "20th Prague Open 2022"]
[Site "Prague"]
[Date "2022.01.12"]
[Round "7.13"]
[White "Acor, Corey"]
[Black "Cornelisse, John"]
[Result "1/2-1/2"]
[WhiteElo "2303"]
[BlackElo "2173"]
[Annotator "ChessBase"]
[PlyCount "162"]
[EventDate "2022.01.07"]
[EventType "swiss"]
[EventCountry "CZE"]
[SourceTitle "playchess.com"]
[Source "ChessBase"]
[SourceQuality "1"]
[TimeControl "40/5400+30:1800+30"]

1. e4 {[%emt 0:08:53]} c6 {[%emt 0:00:10]} 2. Nc3 {[%emt 0:00:09]} d5 {[%emt 0:00:13]} 3. Nf3 {[%emt 0:00:37]} dxe4 {[%emt 0:00:18]} 4. Nxe4 {[%emt 0:00:08]} Nf6 {[%emt 0:00:11]} 5. Qe2 {[%emt 0:00:10]} Nxe4 {[%emt 0:00:20]} 6. Qxe4 {[%emt 0:00:06]} Nd7 {[%emt 0:00:15]} 7. d4 {[%emt 0:00:07]} Nf6 {[%emt 0:00:37]} 8. Qf4 {[%emt 0:01:19]} Bg4 {[%emt 0:04:12]} 9. Ne5 {[%emt 0:00:41]} Bh5 {[%emt 0:00:13]} 10. g4 {[%emt 0:01:15]} Bg6 {[%emt 0:00:13]} 11. Bg2 {[%emt 0:02:00]} e6 {[%emt 0:04:15]} 12. O-O {[%emt 0:05:23]} Nd7 {[%emt 0:06:28]} 13. Nxg6 {[%emt 0:01:13]} hxg6 {[%emt 0:00:09]} 14. Re1 {[%emt 0:03:07]} Nf6 {[%emt 0:02:50]} 15. h3 {[%emt 0:00:50]} Bd6 {[%emt 0:02:39]} 16. Qf3 {[%emt 0:01:06]} Qc7 {[%emt 0:03:49]} 17. Bg5 {[%emt 0:00:44]} Nh7 {[%emt 0:04:03]} 18. Be3 {[%emt 0:00:40]} O-O {[%emt 0:01:02]} 19. c4 {[%emt 0:00:48]} Rad8 {[%emt 0:07:53]} 20. Rad1 {[%emt 0:05:55]} Rfe8 {[%emt 0:04:14]} 21. c5 {[%emt 0:03:06]} Be7 {[%emt 0:00:35]} 22. Bf4 {[%emt 0:00:32]} Qc8 {[%emt 0:03:50]} 23. Qg3 {[%emt 0:01:21]} Nf6 {[%emt 0:01:07]} 24. Be5 {[%emt 0:00:38]} Nd5 {[%emt 0:01:01]} 25. g5 {[%emt 0:01:04]} b6 {[%emt 0:06:20]} 26. cxb6 {[%emt 0:06:08]} axb6 {[%emt 0:00:07]} 27. Rc1 {[%emt 0:00:18]} Qa6 {[%emt 0:07:17]} 28. a3 {[%emt 0:03:37]} b5 {[%emt 0:01:48]} 29. Bf1 {[%emt 0:01:49]} Qb6 {[%emt 0:03:15]} 30. b4 {[%emt 0:02:08]} Ra8 {[%emt 0:00:29]} 31. Rb1 {[%emt 0:00:33]} Qa7 {[%emt 0:01:41]} 32. Rb3 {[%emt 0:00:20]} Bd8 {[%emt 0:00:47]} 33. h4 {[%emt 0:00:18]} Bb6 {[%emt 0:00:17]} 34. Re4 {[%emt 0:03:33]} Ne7 {[%emt 0:00:58]} 35. Qg4 {[%emt 0:00:36]} Nf5 {[%emt 0:01:02]} 36. h5 {[%emt 0:07:07]} Bc7 {[%emt 0:03:41]} 37. Rc3 {[%emt 0:02:24]} Rac8 {[%emt 0:02:48]} 38. Qf3 {[%emt 0:14:08]} Bxe5 {[%emt 0:15:54]} 39. dxe5 {[%emt 0:00:53]} Red8 {[%emt 0:01:20]} 40. hxg6 {[%emt 0:08:56]} fxg6 {[%emt 0:00:06]} 41. Re1 {[%emt 0:37:13]} Qe7 {[%emt 0:33:38]} 42. Rec1 {[%emt 0:00:00]} Qxg5+ {[%emt 0:00:00]} 43. Qg2 {[%emt 0:00:00]} Qh5 {[%emt 0:00:00]} 44. Rh3 {[%emt 0:00:00]} Nh4 {[%emt 0:00:00]} 45. Qg3 {[%emt 0:00:00]} Rd4 {[%emt 0:00:00]} 46. Qe3 {[%emt 0:01:36]} Rg4+ {[%emt 0:00:00]} 47. Kh1 {[%emt 0:00:24]} Nf5 {[%emt 0:01:44]} 48. Qd2 {[%emt 0:02:08]} Rh4 {[%emt 0:00:44]} 49. Rcc3 {[%emt 0:00:01]} g5 {[%emt 0:01:33]} 50. Qd7 {[%emt 0:01:31]} Re8 {[%emt 0:01:18]} 51. Rxh4 {[%emt 0:01:20]} gxh4 {[%emt 0:00:29]} 52. Be2 {[%emt 0:02:07]} Qxe2 {[%emt 0:04:09]} 53. Qxe8+ {[%emt 0:00:06]} Kh7 {[%emt 0:00:02]} 54. Qxe6 {[%emt 0:03:17]} Qxf2 {[%emt 0:01:33]} 55. Qxc6 {[%emt 0:01:19]} Ng3+ {[%emt 0:01:22]} 56. Rxg3 {[%emt 0:00:02]} hxg3 {[%emt 0:00:05]} 57. Qe4+ {[%emt 0:00:35]} g6 {[%emt 0:01:41]} 58. Qb7+ {[%emt 0:02:24]} Kh6 {[%emt 0:00:19]} 59. Qg2 {[%emt 0:00:25]} Qe1+ {[%emt 0:00:16]} 60. Qg1 {[%emt 0:00:02]} Qxe5 {[%emt 0:00:11]} 61. Kg2 {[%emt 0:01:16]} Kg5 {[%emt 0:02:04]} 62. Qc5 {[%emt 0:00:28]} Kf5 {[%emt 0:00:36]} 63. Qc8+ {[%emt 0:00:08]} Ke4 {[%emt 0:00:39]} 64. Qc2+ {[%emt 0:00:42]} Kf4 {[%emt 0:00:26]} 65. Qd2+ {[%emt 0:00:30]} Kf5 {[%emt 0:00:39]} 66. Qd7+ {[%emt 0:00:18]} Ke4 {[%emt 0:00:40]} 67. Qg4+ {[%emt 0:00:51]} Kd3 {[%emt 0:00:40]} 68. Qd1+ {[%emt 0:00:31]} Kc4 {[%emt 0:00:29]} 69. Qc2+ {[%emt 0:00:02]} Qc3 {[%emt 0:00:23]} 70. Qe2+ {[%emt 0:00:36]} Qd3 {[%emt 0:00:33]} 71. Qa2+ {[%emt 0:00:44]} Kd4 {[%emt 0:00:13]} 72. Qa1+ {[%emt 0:00:14]} Kd5 {[%emt 0:00:28]} 73. Qa2+ {[%emt 0:00:24]} Ke5 {[%emt 0:00:21]} 74. a4 {[%emt 0:00:55]} bxa4 {[%emt 0:00:58]} 75. Qxa4 {[%emt 0:00:35]} Qe4+ {[%emt 0:00:19]} 76. Kxg3 {[%emt 0:00:04]} Qf4+ {[%emt 0:00:05]} 77. Kg2 {[%emt 0:00:13]} Qd2+ {[%emt 0:00:10]} 78. Kf1 {[%emt 0:00:52]} Qd3+ {[%emt 0:00:39]} 79. Ke1 {[%emt 0:00:21]} Qe3+ {[%emt 0:00:16]} 80. Kd1 {[%emt 0:00:28]} Qd3+ {[%emt 0:00:09]} 81. Ke1 {[%emt 0:00:34]} Kd5 1/2-1/2

[Event "20th Prague Open 2022"]
[Site "Prague"]
[Date "2022.01.12"]
[Round "7.14"]
[White "Bomans, Arno"]
[Black "Soucek, Petr"]
[Result "0-1"]
[WhiteElo "2246"]
[BlackElo "2117"]
[Annotator "TA"]
[PlyCount "62"]
[EventDate "2022.01.07"]
[EventType "swiss"]
[EventCountry "CZE"]
[SourceTitle "playchess.com"]
[Source "ChessBase"]
[SourceQuality "1"]

{[%evp 14,62,39,43,47,27,37,27,31,11,63,46,54,24,32,2,14,-131,-122,-141,-152,-129,-148,-163,-148,-152,-147,-151,-149,-291,-323,-326,-318,-306,-266,-245,-254,-260,-258,-255,-265,-371,-384,-551,-562,-972,-940,-1086,-1070,-1016,-995]} 1. d4 d6 2. e4 Nf6 3. f3 g6 4. c4 Bg7 5. Nc3 O-O 6. Be3 Nc6 7. Nge2 a6 8. Qd2 Na5 {E83: King's Indian: Sämisch Panno (6...Nc6): Lines without either Nge2 or Qd2.} 9. Nc1 Nd7 10. Be2 (10. Nb3 $5 {[%cal Rb3a5]} c5 11. Rd1 $11 (11. dxc5 Nxb3 12. axb3 Nxc5 $11)) 10... c5 {White has an edge.} 11. dxc5 Nxc5 {[#]} ({Better is} 11... Ne5 $1 $11) 12. b4 $146 {[%csl LRa5,LRc5] aiming for Rb1.} ({Predecessor:} 12. Rb1 Nc6 13. b4 Ne6 14. O-O a5 15. b5 Ne5 16. f4 Nd7 17. Nd3 Nd4 18. Bd1 {1-0 (49) Agrafenin,A-Makeev,V (2366) ICCF email 2011}) 12... Ne6 {[%cal Oc8d7]} 13. Nb3 ({Reject} 13. bxa5 Qxa5 14. Nb3 (14. e5 $2 Bxe5 15. Nb3 Qxc3 $19) 14... Qxc3 $17) (13. Rb1 $5 {[%cal Rb4a5]} Nc6 14. O-O $11) 13... Nc6 {[%cal Ba5c6,Bc6d4,Bd4b3,Bb3d4][%mdl 32]} 14. a3 a5 $1 {[%cal Ba6a5,Ba5a4][%mdl 32]} 15. b5 {[#]} (15. Rb1 $11 {keeps the balance.}) 15... a4 $1 $17 {Black keeps a firm grip on the game.} 16. Nc1 {[#]} (16. bxc6 axb3) 16... Qa5 $1 17. N1a2 Ncd4 {...Nb3 is the strong threat.} 18. Rb1 Nb3 19. Qd3 Nec5 20. Qc2 {[#]} Nd4 $1 {Black is more active.} 21. Qd2 (21. Bxd4 $17 Bxd4 22. Nb4) 21... Ncb3 $19 22. Qd3 {[#]} Be6 $1 {[%cal Bc8e6,Be6c4,Bc4e2,Be2f1,Bf1b5][%mdl 32]} 23. O-O {[#]} Nc5 $1 24. Qd1 Nxe2+ 25. Nxe2 Bxc4 26. Nb4 Nb3 ({Inferior is} 26... Qxb5 27. Nd5 Nb3 28. Nc7 Bxe2 29. Nxb5 Bxd1 30. Rfxd1 $19) ({Don't go for} 26... Bxb5 $2 27. Rf2 $19) 27. Nd5 e6 28. Nb6 (28. Nb4 {might work better.}) 28... Bxe2 {This bishop pair is nice. Black is clearly winning.} 29. Qe1 Bxf1 30. Nxa8 Qxe1 31. Rxe1 Bxb5 {Weighted Error Value: White=0.69/Black=0.04 (flawless)} 0-1

[Event "20th Prague Open 2022"]
[Site "Prague"]
[Date "2022.01.12"]
[Round "7.15"]
[White "Torngren, Gustav"]
[Black "Yakimenko, Alexander A."]
[Result "1-0"]
[WhiteElo "2228"]
[BlackElo "2055"]
[Annotator "TA"]
[PlyCount "59"]
[EventDate "2022.01.07"]
[EventType "swiss"]
[EventCountry "CZE"]
[SourceTitle "playchess.com"]
[Source "ChessBase"]
[SourceQuality "1"]

{[%evp 9,59,33,33,13,28,7,27,22,29,11,71,73,71,66,62,74,84,54,96,89,80,86,126,91,70,37,54,43,112,120,111,112,118,113,91,112,163,151,144,0,152,160,194,197,307,310,318,312,12819,5385,1778,1497]} 1. g3 e6 2. Bg2 f5 3. d3 Nf6 4. c4 Bb4+ 5. Nd2 {[#]} a5 $146 ({Predecessor:} 5... O-O 6. Ngf3 d6 7. O-O Bxd2 8. Bxd2 Nc6 9. b4 Rb8 10. b5 Ne7 11. Qb3 Nd7 12. Be3 {0-1 (29) Martinez Medina,E (2175)-Cepeda Delgado,C (2141) Madrid 2010}) 6. Ngf3 {A10: English Opening: Unusual Replies for Black.} Nc6 7. d4 O-O 8. O-O {White has an edge.} d5 9. Qc2 Kh8 (9... Be7 $11 {remains equal.}) 10. a3 $16 Be7 11. b3 Qe8 12. Bb2 Qh5 13. Ne5 Ng4 (13... Nxe5 $14 14. dxe5 Ne4) 14. Nxg4 fxg4 15. e4 dxc4 16. Nxc4 e5 17. dxe5 (17. d5 $5 {[%cal Rd5c6]} Nd4 18. Bxd4 exd4 19. e5 $14) 17... Be6 18. Ne3 Rae8 (18... Nxe5 $14 19. Qxc7 Bf6) 19. Rad1 Nxe5 20. Qxc7 Nf3+ 21. Bxf3 gxf3 22. Qxb7 $40 {[%mdl 128] White wants a kill.} Qf7 (22... Qh3 $16 23. Qc7 Bxb3) 23. Nd5 $18 Qh5 {[#] Strongly threatening ...Bxd5.} 24. Ne3 Qf7 $1 25. Rd3 {[%cal Bd1d3,Bd3d7,Bd7d8][%mdl 32]} Rb8 26. Qc7 Bxb3 (26... Bg5 $142 27. Qxf7 (27. Qxa5 Bxe3 28. Rxe3 Bxb3 $18) 27... Rxf7) 27. Nf5 Bf6 28. Rd7 Qh5 (28... Qxd7 29. Qxd7 Bxb2) 29. Bxf6 gxf6 {[#]} 30. Rd8 $1 {[%mdl 512] Weighted Error Value: White=0.11 (very precise) /Black=0.22 (precise)} 1-0

[Event "20th Prague Open 2022"]
[Site "Prague"]
[Date "2022.01.12"]
[Round "7.16"]
[White "Koubova, Anna Marie"]
[Black "Babula, Vlastimil"]
[Result "1-0"]
[WhiteElo "2148"]
[BlackElo "2561"]
[Annotator "TA"]
[PlyCount "71"]
[EventDate "2022.01.07"]
[EventType "swiss"]
[EventCountry "CZE"]
[SourceTitle "playchess.com"]
[Source "ChessBase"]
[SourceQuality "1"]

{[%evp 20,71,23,23,19,28,28,40,36,0,0,-39,-27,-81,-83,-98,-71,-89,-80,-95,-87,-90,-75,-92,-94,-88,-80,-93,-81,-94,-86,-299,-289,-380,-372,-408,-243,-465,-31,-40,0,0,0,0,128,122,767,744,736,727,1414,1364,1500,1405]} 1. d4 Nf6 2. g3 g6 3. Bg2 Bg7 4. e4 d6 5. Ne2 O-O 6. O-O e5 7. Nbc3 Nbd7 8. h3 c6 9. a4 Re8 10. Be3 exd4 11. Bxd4 b6 {B07: Pirc Defence: Miscellaneous Systems.} 12. g4 h6 13. Ng3 Bb7 {[#] White is slightly better.} 14. Be3 $146 (14. Qd2 {is more complex.} d5 15. a5 bxa5 16. Rfd1 Nb6 17. Qf4) ({Predecessor:} 14. Qd2 Ne5 15. b3 Qe7 16. f4 Ned7 17. Rad1 Rad8 18. Rfe1 a6 19. Qf2 b5 20. axb5 axb5 {0-1 (44) Rodin,M (2365)-Mihajlovskij,S (2476) Minsk 2008}) 14... Ne5 15. Bf4 Nh7 16. Re1 (16. Bc1 $11 {remains equal.}) 16... Qf6 $17 17. Bc1 Qh4 18. Re3 Ng5 19. Nf1 Nc4 20. Rd3 c5 {[%cal Rg5e4]} 21. Bxg5 Qxg5 22. Rb1 {[#]} Rad8 $1 23. b3 Ne5 24. Rxd6 Nxg4 25. Nb5 $2 (25. Rxd8 $17 {might work better.} Rxd8 26. Qxg4 Bxc3 27. Qxg5 hxg5 28. Ne3) 25... Rxd6 $19 26. Qxd6 {Threatens to win with Qd7.} Ne5 {Inhibits Qd7.} 27. Ng3 h5 (27... Rd8 $142 28. Qc7 Rd7 29. Qb8+ Kh7) 28. Kh1 $2 (28. Qc7 h4 29. Rf1 hxg3 30. f4) 28... a6 $2 (28... Rd8 $19 29. Qc7 Rd7 30. Qb8+ Kh7) 29. Qxb6 $15 Bc6 {This bishop pair is nice.} 30. Nc7 $36 {[%cal Bb5c7,Bc7d5,Bd5e7][%mdl 2080] White has good play.} Rc8 {And now ...Qd2 would win.} 31. Nd5 ({Don't go for} 31. Nxa6 $2 Qd2 32. Qxc5 Bb7 $19) 31... h4 {[#]} (31... c4 $11 {keeps the balance.}) 32. Nf1 $1 $16 {aiming for f4.} ({Much worse is} 32. Qxa6 $6 Ra8 33. Qf1 hxg3 $11) 32... Qh5 $2 {[%mdl 8192]} (32... Bxd5 $16 33. exd5 Qf6 34. Qxf6 Bxf6) 33. Ne7+ $18 {White is clearly winning.} Kh7 34. Nxc8 Nf3 35. Qxc6 Be5 36. Qd7 {Weighted Error Value: White=0.35/Black=0.57} 1-0

[Event "20th Prague Open 2022"]
[Site "Prague"]
[Date "2022.01.12"]
[Round "7.17"]
[White "Bochnicka, Vladimir"]
[Black "Lorans, Sylvain"]
[Result "1-0"]
[WhiteElo "2222"]
[BlackElo "2110"]
[Annotator "TA"]
[PlyCount "56"]
[EventDate "2022.01.07"]
[EventType "swiss"]
[EventCountry "CZE"]
[SourceTitle "playchess.com"]
[Source "ChessBase"]
[SourceQuality "1"]

{[%evp 18,56,16,18,21,5,9,8,6,12,37,35,39,38,53,66,57,43,147,154,175,180,179,189,244,231,231,249,365,352,412,387,502,473,703,606,993,982,29982,29983,6221]} 1. e4 e5 2. Nf3 Nc6 3. Bc4 Nf6 4. d3 Bc5 5. c3 a6 6. Nbd2 {[%cal Bb1d2,Bd2f1,Bf1g3][%mdl 32]} d6 7. Bb3 Ba7 8. Nf1 O-O 9. Ng3 h6 10. O-O Re8 {is recently more successful than 10...Be6. C54: Giuoco Piano: 4 c3 Nf6, main lines with 5 d4 and 5 d3.} 11. h3 Be6 12. Qe2 d5 {The position is equal.} 13. Rd1 Qe7 14. Nh4 {[%cal Bf3h4,Bh4f5,Bf5h6][%mdl 32]} Rad8 15. Nhf5 Qf8 16. Qf3 $1 {[%cal Of5h6]} dxe4 {[#]} 17. Nxh6+ $146 (17. dxe4 {seems wilder.} Bxb3 18. Rxd8 Nxd8 19. axb3 Re6 20. b4) ({Predecessor:} 17. dxe4 Rxd1+ 18. Bxd1 Rd8 19. Bb3 Nh7 20. Nh5 Bxf5 21. Qxf5 Na5 22. Bc2 Nc4 23. b3 {0-1 (44) Sjugirov,S (2680)-Sanal,V (2601) Warsaw 2021}) 17... Kh7 {[#]} (17... gxh6 $14 18. Qxf6 Bxb3 19. axb3 Re6) 18. dxe4 $1 $16 {[%cal Oc1g5]} Bxb3 (18... Rxd1+ 19. Bxd1) 19. Rxd8 {The board is on fire.} Rxd8 20. axb3 {[%cal Oc1g5]} gxh6 (20... Qe8 {keeps fighting.} 21. Qf5+ Kh8) 21. Qxf6 $18 Rd6 22. Qf5+ Kh8 (22... Rg6 {might work better.} 23. Qf3 Ne7) 23. Qh5 {Nf5 is the strong threat.} Ne7 24. Qxe5+ f6 25. Qh5 f5 (25... Ng8 $142 26. Bf4 Rd7) 26. exf5 {[#] Hoping for Bf4.} Qg7 27. Bf4 {And now Qe8+ would win.} Rd3 28. f6 Qxf6 {Weighted Error Value: White=0.05 (flawless) /Black=0.84} 1-0

[Event "20th Prague Open 2022"]
[Site "Prague"]
[Date "2022.01.12"]
[Round "7.18"]
[White "Kukucka, Matej"]
[Black "Blahynka, Martin"]
[Result "0-1"]
[WhiteElo "2104"]
[BlackElo "2399"]
[Annotator "ChessBase"]
[PlyCount "54"]
[EventDate "2022.01.07"]
[EventType "swiss"]
[EventCountry "CZE"]
[SourceTitle "playchess.com"]
[Source "ChessBase"]
[SourceQuality "1"]
[TimeControl "40/5400+30:1800+30"]

1. d4 Nf6 2. c4 e6 3. Nc3 Bb4 4. e3 O-O 5. Bd3 d5 6. Nf3 b6 7. O-O Bb7 8. cxd5 exd5 9. Bd2 Re8 10. Ne5 Bd6 11. f4 c5 12. Qf3 Nbd7 13. g4 Ne4 14. Nxe4 dxe4 15. Bxe4 Bxe4 16. Qxe4 Nxe5 17. fxe5 Bxe5 18. dxe5 Qxd2 19. Rf2 Qd8 20. Raf1 Re7 21. Qc4 Qd7 22. Rf5 Rf8 23. Qf4 Qe6 24. Rh5 Qxa2 25. Qf5 h6 26. g5 g6 27. Qf6 Re6 0-1